Score 0/33 Timer 03:00
0 Plays Today
Hint Answer % Correct
3-LetterBAD
97.8%
3-LetterBED
97.3%
3-LetterBET
96.4%
3-LetterTON
95.5%
3-LetterPOT
95.2%
3-LetterPET
93.9%
3-Letter*SOX*
92.6%
3-Letter*RED*
92.6%
3-LetterSON
92.4%
3-LetterTOT
92.4%
4-LetterGOAT
91.8%
4-LetterMOAT
91.8%
4-LetterGLUE
91.7%
3-LetterRAD
90.2%
4-LetterMOST
89.5%
4-Letter*BLUE*
89.4%
4-LetterMOSS
88%
Hint Answer % Correct
4-Letter*JAYS*
86.9%
5-LetterMALLS
86.3%
5-LetterBALLS
85.5%
5-LetterBELTS
84.5%
5-LetterMAILS
83.4%
5-LetterBEATS
77.8%
5-LetterBELLS
75.3%
4-LetterJOSS
74.7%
5-LetterLEADS
74%
5-LetterBEADS
74%
4-LetterJOYS
73.7%
4-LetterGOUT
72.9%
5-Letter*MAPLE*
72.4%
4-LetterGLUT
72.2%
5-Letter*LEAFS*
72.2%
5-LetterMAILE
56.2%

Today's Daily Dose

Remove Ads.
Support Sporcle.
Get the best of Sporcle when you Go Orange. This ad-free experience offers more features, more stats, and more fun while also helping to support Sporcle. Thank you for becoming a member.

You're not logged in!

Compare scores with friends on all Sporcle quizzes.
OR
Log In

Show Comments

Extras

Top Quizzes Today


Score Distribution

Your Account Isn't Verified!

In order to create a playlist on Sporcle, you need to verify the email address you used during registration. Go to your Sporcle Settings to finish the process.

Report this User

Report this user for behavior that violates our Community Guidelines.

Details: